Utilización de tres relaciones de proteína degradable y no degradable en rumen, en la ración de novillos holstein en engorda intensa / (Record no. 109587)
[ view plain ]
| 000 -CABECERA | |
|---|---|
| campo de control de longitud fija | 02742nam a2200361 a 4500 |
| 001 - NÚMERO DE CONTROL | |
| campo de control | 000113126 |
| 003 - IDENTIFICADOR DEL NÚMERO DE CONTROL | |
| campo de control | CHAP |
| 005 - FECHA Y HORA DE LA ÚLTIMA TRANSACCIÓN | |
| campo de control | 20260303113223.0 |
| 008 - DATOS DE LONGITUD FIJA--INFORMACIÓN GENERAL | |
| campo de control de longitud fija | 170427s2016 mx sm |||||||spa d |
| 040 ## - FUENTE DE LA CATALOGACIÓN | |
| Centro/agencia transcriptor | CHAP |
| 090 ## - LOCALMENTE ASIGNADO TIPO-LC NÚMERO DE CLASIFICACIÓN (OCLC); NÚMERO DE CLASIFICACIÓN LOCAL (RLIN) | |
| Número de clasificación (OCLC) (R) ; Numero de clasificación, CALL (RLIN) (NR) | Tesis |
| 100 1# - ENTRADA PRINCIPAL--NOMBRE DE PERSONA | |
| Nombre de persona | Gutiérrez Montiel, Fernando |
| 9 (RLIN) | 132038 |
| 245 10 - MENCIÓN DE TÍTULO | |
| Título | Utilización de tres relaciones de proteína degradable y no degradable en rumen, en la ración de novillos holstein en engorda intensa / |
| Mención de responsabilidad, etc. | por Fernando Gutiérrez Montiel y Francisco Uriel Vite Orozco. |
| 264 ## - PRODUCCIÓN, PUBLICACIÓN, DISTRIBUCIÓN, FABRICACIÓN Y COPYRIGHT | |
| Producción, publicación, distribución, fabricación y copyright | Chapingo, Méx. : |
| Nombre del de productor, editor, distribuidor, fabricante | El autor, |
| Fecha de producción, publicación, distribución, fabricación o copyright | 2016. |
| 300 ## - DESCRIPCIÓN FÍSICA | |
| Extensión | 1 recurso en línea (86 páginas). |
| 336 ## - TIPO DE CONTENIDO | |
| Fuente | rdacontent |
| Término de tipo de contenido | texto |
| Código de tipo de contenido | txt |
| 337 ## - TIPO DE MEDIO | |
| Fuente | rdamedia |
| Nombre/término del tipo de medio | computadora |
| Código del tipo de medio | c |
| 338 ## - TIPO DE SOPORTE | |
| Fuente | rdacarrier |
| Nombre/término del tipo de soporte | recurso en línea |
| Código del tipo de soporte | cr |
| 502 ## - NOTA DE TESIS | |
| Tipo de título | Ingeniero Agrónomo Especialista en Zootecnia |
| Nombre de la institución que otorga el título | Departamento de Enseñanza, Investigación y Servicio en Zootecnia, |
| Año de obtención del título | 2016. |
| Información miscelánea | Licenciatura |
| 520 ## - SUMARIO, ETC. | |
| Sumario, etc. | Con el propósito de conocer el comportamiento productivo de novillos Holstein asignados a tres relaciones de PDR: PNDR en la ración, se realizó el presente estudio. Se utilizaron 21 novillos raza Holstein con peso vivo promedio de 180.0 ± 6.00 kg formándose tres grupos aleatoriamente y asignados a tres raciones (Tratamientos) con siete repeticiones por ración y tres relaciones de PDR: PNDR; T1(70:30), T2(50:50) y T3(30:70). Las raciones fueron isoprotéicas (15.6 % PC) e isoenergéticas (2.80 Mcal EM/ kg MS). Se usó un diseño completamente al azar, los datos de las variables estudiadas (GDPV, peso vivo final, consumo de alimento, conversión y eficiencia alimenticia) se sometieron a un análisis de varianza con modelos mixtos y mediciones repetidas en el tiempo. No se encontraron diferencias estadísticas (P> 0.05) en la GDPV de los novillos Holstein asignados a T1(70:30; 1.55 kg), T2(50:50; 1.65 kg) y T3(30:70; 1.47 kg), ni en peso vivo final, aunque los novillos con 50:50% de PDR: PNDR en la ración, fue mayor en 2.5 y 10.5%, comparándolos con los novillos asignados a las racion con 70:30 y 30:70, respectivamente. El consumo de alimento, la conversión y eficiencia alimenticia tampoco fueron influenciados por la relación de PDR: PNDR en la ración consumida, sin embargo, los novillos cuya ración consumida tenía 50:50% de PDR: PNDR fueron los que mejor beneficio económico demostraron. |
| 650 14 - PUNTO DE ACCESO ADICIONAL DE MATERIA--TÉRMINO DE MATERIA | |
| Término de materia o nombre geográfico como elemento de entrada | Ganado Holstein |
| Subdivisión general | Alimentación. |
| 9 (RLIN) | 130391 |
| 650 14 - PUNTO DE ACCESO ADICIONAL DE MATERIA--TÉRMINO DE MATERIA | |
| Término de materia o nombre geográfico como elemento de entrada | Ganado vacuno |
| Subdivisión general | Engorda. |
| 9 (RLIN) | 45461 |
| 650 14 - PUNTO DE ACCESO ADICIONAL DE MATERIA--TÉRMINO DE MATERIA | |
| Término de materia o nombre geográfico como elemento de entrada | Ganado vacuno |
| Subdivisión general | Peso. |
| 9 (RLIN) | 45504 |
| 650 14 - PUNTO DE ACCESO ADICIONAL DE MATERIA--TÉRMINO DE MATERIA | |
| Término de materia o nombre geográfico como elemento de entrada | Proteínas en nutrición animal. |
| 9 (RLIN) | 92454 |
| 700 1# - PUNTO DE ACCESO ADICIONAL--NOMBRE DE PERSONA | |
| Nombre de persona | Vite Orozco, Francisco Uriel |
| 9 (RLIN) | 132039 |
| 856 ## - LOCALIZACIÓN Y ACCESO ELECTRÓNICOS | |
| Identificador Uniforme del Recurso | http://10.13.5.2/tesis/sist113126.pdf |
| Nota pública | DESCARGAR PDF |
| 942 ## - ELEMENTOS DE PUNTO DE ACCESO ADICIONAL (KOHA) | |
| Fuente del sistema de clasificación o colocación | Clasificación Universidad Autónoma Chapingo |
| Tipo de ítem Koha | Tesis digital |
| 590 ## - NOTA LOCAL (RLIN) | |
| Nota local | E5765TAJ |
| Procedencia (VM) [OBSOLETO] | 05 |
| Condición del los carretes individuales (VM) [OBSOLETO] | 20170427 |
| 590 ## - NOTA LOCAL (RLIN) | |
| Nota local | E5765TAJ |
| Procedencia (VM) [OBSOLETO] | 05 |
| Condición del los carretes individuales (VM) [OBSOLETO] | 20170427 |
| 901 ## - ELEMENTOS DE DATOS A LOCAL LDA (RLIN) | |
| a | BK |
| Estado de retiro | Estado de pérdida | Fuente del sistema de clasificación o colocación | Estado dañado | Restricciones de uso | No para préstamo | Código de colección | Localización permanente | Ubicación/localización actual | Ubicación en estantería | Total de préstamos | Signatura topográfica completa | Fecha visto por última vez | Precio válido a partir de | Tipo de ítem Koha |
|---|---|---|---|---|---|---|---|---|---|---|---|---|---|---|
| Clasificación Universidad Autónoma de Chapingo | Préstamo interno | Tesis digitales de Licenciatura | Biblioteca Digital | Biblioteca Digital | En línea | Tesis digital | 31/12/2019 | 31/12/2019 | Tesis digital |
